000 00821nam a22002295i 4500
001 170225
003 ES-MaACL
005 20250522163655.0
008 090213q1908 fr |||| | fre d
080 _a782.1
100 1 _aGuinand, Édouard.
_9139441
245 1 2 _aL'enfant prodigue =
_bThe prodigal son : scène lyrique en un acte /
_cde E. Guinard ; musique de Claude Debussy ; english words by Nita Cox.
260 _aParis :
_bE. Durand et files,
_c[ca. 1908]
300 _a25 cm ;
_c18 cm.
546 _aTexto en inglés y francés.
650 4 _aÓperas-
_vLibretos.
_9137584
700 1 _aDebussy, Claude,
_d1862-1918
_9240620
700 1 _aCox, Nita.
_9139442
740 4 2 _aThe prodigal son.
852 4 _aES-MaACL
_j2247-F-25
_z- Biblioteca Jacinto Martínez Lacalle
999 _c170225
_d170225